00460 2200181 4500001002100000005001500021008004100036020002200077035001900099041000700118082000800125090001400133100001700147245004600164260002600210300001800236650002400254INLIS00000000001447620241224114743241224||||||||| | ||| |||| || |  a978-602-8317-00-9 0010-1224014476 aid0 a418 a418 LEL p0 aLely Halimah00aPANGAJARAN BASA SUNDA:Piken SD/MI Kelas 5 aBandungbImtimac2011 a74hlm;18X25cm 0aBahasa & Linguistik